000 00903na a2200265 4500
001 19062
003 MIRAKIL
005 20181213155052.0
008 170112b tu 000 0
020 _a9789944937047
035 _a19062
040 _aMilas
_btur
_cTR-AnCHP
041 _atur
082 _a305.23509561
_bB35 2011
090 _a305.23509561 B35 2011
245 _aBen de varım!
_chazırlayan: Alternatif Politikalar Merkezi ; editör: Salim Ezer.
260 _aAnkara
_bAlternatif Politikalar Merkezi
_c2011
300 _a103 s.
_bgrf.,tbl.,şkl.;
_c24 sm.
500 _aDış kapakta yapıt adı: Türkiye'de üniversiteli gençlik "ben de varım!" projesi sonuç raporu
650 _aGenç yetişkinler
_xÜniversiteliler
_zTürkiye
650 _aGençlik
_xSiyasal katılım
_zTürkiye
700 _aEzer, Salim
710 _aAlternatif Politikalar Merkezi
942 _2dcc
_cBKS
999 _c5953
_d5953